00780nam a2200229 a 450000100060000000300080000600500170001400800410003103500190007204000230009104100080011408200320012224501420015426000510029630000210034761000420036865000150041065000300042565000290045570000210048471000450050557615BD-RjUL20211209080532.0161211s1956 pk 000 0 eng d a(BD-RjUL)57739 aDLCcPAUdEQObeng aeng 223a303.623095491bANA 195603aAn analysis of the Munir report :ba critical study of the Punjab Disturbances Inquiry Report /ctranslated and edited by Khurshid Ahmad. aKarachi :bJamaat-e-Islami Publications,c1956 a241 p. ;c22 cm.10aPunjab (Pakistan).bCourt of Inquiry. 0aAhmadiyya. 0aIslam and statezPakistan 0aRiotszPakistanzPunjab.1 aAhmad, Khurshid.2 aJamāʿat-i Islāmī-yi Pākistān.